000 00335nam a2200145 i 4500
001 bg
100 1 _aWALTHER, K.
245 0 _aÜBER Kreise in Graphen /
_cK. Walther, H.J. Voss.
260 _aBerlin,
_c1974.
700 1 _aVOSS, H. J.
040 _cBPK
041 _apol
942 _cKS
008 s pl f |000 0 pol
999 _c16408
_d16408
856 _uhttp://koha.tu.koszalin.pl/cgi-bin/koha/opac-detail.pl?biblionumber=16408
_yKatalog online BPK